<?xml version="1.0" encoding="UTF-8"?><?xml-stylesheet type="text/xsl" href="static/style.xsl"?><OAI-PMH xmlns="http://www.openarchives.org/OAI/2.0/" xmlns:xsi="http://www.w3.org/2001/XMLSchema-instance" xsi:schemaLocation="http://www.openarchives.org/OAI/2.0/ http://www.openarchives.org/OAI/2.0/OAI-PMH.xsd"><responseDate>2026-04-14T06:45:28Z</responseDate><request verb="GetRecord" identifier="oai:www.recercat.cat:20.500.12694/7257" metadataPrefix="marc">https://recercat.cat/oai/request</request><GetRecord><record><header><identifier>oai:recercat.cat:20.500.12694/7257</identifier><datestamp>2025-12-18T12:09:39Z</datestamp><setSpec>com_2072_179042</setSpec><setSpec>col_2072_484474</setSpec></header><metadata><record xmlns="http://www.loc.gov/MARC21/slim" xmlns:dcterms="http://purl.org/dc/terms/" xmlns:xsi="http://www.w3.org/2001/XMLSchema-instance" xmlns:doc="http://www.lyncode.com/xoai" xsi:schemaLocation="http://www.loc.gov/MARC21/slim http://www.loc.gov/standards/marcxml/schema/MARC21slim.xsd">
   <leader>00925njm 22002777a 4500</leader>
   <datafield ind2=" " ind1=" " tag="042">
      <subfield code="a">dc</subfield>
   </datafield>
   <datafield ind2=" " ind1=" " tag="720">
      <subfield code="a">Serrano García, Juan Javier</subfield>
      <subfield code="e">author</subfield>
   </datafield>
   <datafield ind2=" " ind1=" " tag="260">
      <subfield code="c">2013-07-17</subfield>
   </datafield>
   <datafield ind2=" " ind1=" " tag="520">
      <subfield code="a">Aquest projecte té com a objectiu l'estudi de la relació del bombardí amb les formacions més importants de vent metall. Abans d'aprofundir en aquest tema, he cregut necessari conèixer la seva història i evolució. La meva intenció, amb aquest projecte, és enriquir el patrimoni d'aquest meravellós instrument, que, de mica en mica, va guanyant el respecte que es mereix.</subfield>
   </datafield>
   <datafield ind2=" " ind1=" " tag="520">
      <subfield code="a">Este proyecto tiene como objetivo el estudio de la relación que el bombardino tiene con las formaciones más importantes de viento metal. Para ello, he creído necesario, antes de profundizar en este tema, dar a conocer su historia y evolución. Mi intención con este proyecto es contribuir al enriquecimiento del patrimonio de este maravilloso instrumento, que, poco a poco, va ganando el respeto que se merece.</subfield>
   </datafield>
   <datafield ind2=" " ind1=" " tag="520">
      <subfield code="a">This project aims to study the position the euphonium has in relation to the other instruments in the brass section. Before going deeper into this subject, I thought it was necessary to know more about the euphonium’s history and its evolution. My intention with this project is to contribute to the enrichment of this wonderful instrument, which, step by step, is earning the respect it deserves.</subfield>
   </datafield>
   <datafield ind1="8" ind2=" " tag="024">
      <subfield code="a">http://hdl.handle.net/20.500.12694/7257</subfield>
   </datafield>
   <datafield tag="653" ind2=" " ind1=" ">
      <subfield code="a">TFG Música clàssica i contemporània</subfield>
   </datafield>
   <datafield tag="653" ind2=" " ind1=" ">
      <subfield code="a">Bombardí--Història</subfield>
   </datafield>
   <datafield tag="653" ind2=" " ind1=" ">
      <subfield code="a">Bombardí, Música per a</subfield>
   </datafield>
   <datafield tag="653" ind2=" " ind1=" ">
      <subfield code="a">Conjunts de metall</subfield>
   </datafield>
   <datafield ind2="0" ind1="0" tag="245">
      <subfield code="a">Sonidos del metal: el bombardino en las formaciones de viento metal</subfield>
   </datafield>
</record></metadata></record></GetRecord></OAI-PMH>